| 000 | 00896nam a22002651i 4500 | ||
|---|---|---|---|
| 003 | OSt | ||
| 005 | 20220104083755.0 | ||
| 008 | 210613s2021 my a|||j ||| ||| 1 may d | ||
| 020 |
_a9789673591640 _cRM 25.00 _qpaperback |
||
| 040 |
_aPPAK _beng _cPPAK _erda |
||
| 082 | 0 | 4 |
_223 _a499.2386 |
| 090 | 0 | 0 |
_a499.2386 _bNOR _dRK |
| 100 | 0 |
_aNorul Azila Arifin, _eauthor. |
|
| 245 | 1 | 0 |
_aPAKAIAN BAHARU MAHARAJA = _bTHE EMPEROR'S NEW CLOTHES / _cNorul Azila Arifin / Mimi Samuel |
| 264 | 1 |
_aPetaling Jaya, Selangor : _bKualiti Books Sdn. Bhd. , _c2021 |
|
| 300 |
_a[16] pages : _bcolour illustrations ; _c30 cm. |
||
| 336 |
_atext _2rdacontent |
||
| 337 |
_aunmediated _2rdamedia |
||
| 338 |
_avolume _2rdacarrier |
||
| 490 | 1 | _aBUKU GERGASI CERITA DONGENG | |
| 650 | 1 | 0 |
_aMalay language _vReader _vFiction. |
| 700 | 0 |
_aMimi Samuel, _eauthor. |
|
| 830 | 0 | _aBuku Gergasi Cerita Dongeng. | |
| 942 |
_2ddc _cB |
||
| 999 |
_c184104 _d184104 |
||